| 000 | 00529nam a2200133 a 4500 | ||
|---|---|---|---|
| 001 | 000038629 | ||
| 005 | 20201002031320.0 | ||
| 008 | 130416s2004 dr ac 000 0 spa d | ||
| 040 |
_aDO-SdBNP _bspa _cBNPHU |
||
| 245 | 0 | 0 |
_aPlan estratégico (PEPS) de Muchachos y Muchachas con Don Bosco : _b2010-2015. |
| 260 |
_aSanto Domingo : _bMuchachas y Muchachos con Don Bosco (MDB), _c[20??]. |
||
| 300 |
_a116 p. : _bil.,retrs. ; _c28 cm. |
||
| 500 | _aPlanificamos con los niños, niñas y adolescentes para hacer de sus derechos una realidad | ||
| 999 |
_c38119 _d38119 |
||